South Eastern Kenya University

Library Online Public Access Catalogue


Atkins' Physical chemistry / (Record no. 1641)

MARC details
000 -LEADER
fixed length control field 00810cam a2200253 a 4500
001 - CONTROL NUMBER
control field 16155000
003 - CONTROL NUMBER IDENTIFIER
control field SEKU
005 - DATE AND TIME OF LATEST TRANSACTION
control field 20140822154347.0
008 - FIXED-LENGTH DATA ELEMENTS--GENERAL INFORMATION
fixed length control field 100325s2010 enka 001 0 eng
010 ## - LIBRARY OF CONGRESS CONTROL NUMBER
LC control number 2010286938
020 ## - INTERNATIONAL STANDARD BOOK NUMBER
International Standard Book Number 9780199543373
040 ## - CATALOGING SOURCE
Original cataloging agency DLC
Transcribing agency DLC
Modifying agency DLC
-- SEKU
050 00 - LIBRARY OF CONGRESS CALL NUMBER
Classification number QD453.3
Item number .A74 2010
100 1# - MAIN ENTRY--PERSONAL NAME
Personal name Atkins, P. W.
Fuller form of name (Peter William),
Dates associated with a name 1940-
245 10 - TITLE STATEMENT
Title Atkins' Physical chemistry /
Statement of responsibility, etc. Peter Atkins, Julio de Paula.
246 30 - VARYING FORM OF TITLE
Title proper/short title Physical chemistry
250 ## - EDITION STATEMENT
Edition statement 9th ed.
260 ## - PUBLICATION, DISTRIBUTION, ETC. (IMPRINT)
Place of publication, distribution, etc. Oxford ;
-- New York :
Name of publisher, distributor, etc. Oxford University Press,
Date of publication, distribution, etc. c2010.
300 ## - PHYSICAL DESCRIPTION
Extent xxix, 972 p. :
Other physical details col. ill. ;
Dimensions 28 cm.
500 ## - GENERAL NOTE
General note Includes index.
650 #0 - SUBJECT ADDED ENTRY--TOPICAL TERM
Topical term or geographic name as entry element Chemistry, Physical and theoretical
Form subdivision Textbooks.
700 1# - ADDED ENTRY--PERSONAL NAME
Personal name De Paula, Julio.
942 ## - ADDED ENTRY ELEMENTS (KOHA)
Source of classification or shelving scheme Library of Congress Classification
Koha item type General circulation
Classification part QD453.3
Item part .A74 2010
Holdings
Withdrawn status Lost status Source of classification or shelving scheme Damaged status Not for loan Home library Current library Shelving location Date acquired Cost, normal purchase price Total Checkouts Full call number Barcode Date last seen Date last checked out Cost, replacement price Price effective from Koha item type Public note
    Library of Congress Classification     Main Campus Library Main Campus Library General Stacks 25/08/2014 4550.00 10 QD453.3 .A74 2010 C.1 2019/023233 10/04/2026 05/03/2026 5050.00 25/08/2014 General circulation Rono
    Library of Congress Classification     Main Campus Library Main Campus Library   25/08/2014 4550.00 19 QD453.3 .A74 2010 C.2 2017/019763 31/01/2020 31/01/2020 5050.00 25/08/2014 General circulation  
    Library of Congress Classification     Main Campus Library SEKU-BINDERY   26/08/2014 4550.00 9 QD453.3 .A74 2010 C.3 015320 06/10/2016 28/09/2016 5050.00 26/08/2014 General circulation Rono
Kitui, Kenya.
+254736116989
library@seku.ac.ke